000 00799nam a2200229 a 4500
003 MX-MxUPN
005 20240606063657.0
008 220615s1944 ag ab|||r|||| 000 0 spa d
040 _aMX-MxUPN
_bspa
_cMX-MxUPN
041 0 _aspa
050 1 4 _aLB1642 R4
_bD838 1944
100 1 _aDucoudray, Gustave,
_d1838-1906
_942586
245 1 0 _aCompendio de historia general
250 _aDécima cuarta edición.
260 _aBuenos Aires :
_bLibrería Hachette,
_c1944.
300 _a448 páginas :
_bilustraciones, mapas.
500 _a"Obra de texto en las escuelas de la República Dominicana y en las de Costa Rica"--portada.
650 4 _aHistoria
_xEstudio y enseñanza
_96447
650 4 _aHistoria
_vLibros de texto
_96383
700 1 _aGibbes, Lucas T.
_944897
_etraductor
942 _2lcc
_cLIBRO
999 _c208626
_d208626